A málczai gyógyfürdőt

Správa o prenájme kúpeľov Malčice v marci 1901 na 6 rokov pre Samuela Lefkovicsa. Menovaný chce kúpele dostavať - zvlášť kúpele pre židov, ako aj vystavať kóšer hostinec

Podrobná bibliografia
Médium: Článok
Jazyk:Hungarian
Témy:
Zdroj: 1. Felsőmagyarországi Hirlap : Politikai ujság 1. Roč. 4, č. 16 (23.03.1901) s. 3
LEADER 01233nab#a2200361#ar4500
001 000074945
003 SVKKK
005 20081015130858.0
008 080221d1901 xo |||||||||||||||b|hun
FMT
038 |a SVKKK 
040 |a SVKKK  |b slo  |e AACR2 
041 0 |a hun 
044 |a xo  |c SK 
080 |a 613.41  |2 1997 
080 |a 929 Lefkovics, Samuel  |2 1997 
242 1 0 |a Liečivé kúpele Malčice  |y slo 
245 1 0 |a A málczai gyógyfürdőt 
500 |a mikrofilm 
520 2 |a Správa o prenájme kúpeľov Malčice v marci 1901 na 6 rokov pre Samuela Lefkovicsa. Menovaný chce kúpele dostavať - zvlášť kúpele pre židov, ako aj vystavať kóšer hostinec 
600 1 4 |a Lefkovics, Samuel  |d 18??-19??  |x nájomca  |x prenájom kúpeľov Malčice  |y 1901-1907 
651 4 |a Malčice (Slovensko: kúpele zaniknuté) 
650 0 4 |a prenájom kúpeľov  |x dostavba kúpeľov  |z Malčice (Slovensko)  |y 1901-1907 
655 4 |a hungariká 
773 0 |t Felsőmagyarországi Hirlap : Politikai ujság  |g Roč. 4, č. 16 (23.03.1901) s. 3 
957 |a Malčice 
958 |a DG 
958 |a HU 
974 |a Ba 
992 |a RBX 
997 |a Lefkovics, Samu p. Lefkovics, Samuel  |d Málcza p. Malčice 
BAS
998 |a RETRO